[Event "IND-ch U11 37th"]
[Site "Hyderabad"]
[Date "2024.10.05"]
[Round "2"]
[White "Muhammad Saifan, Noushad Ibrahim"]
[Black "Nijesh, R."]
[Result "0-1"]
[WhiteElo "1571"]
[BlackElo "1849"]
[PlyCount "82"]
[EventDate "2024.10.04"]
[EventType "swiss"]
[EventRounds "11"]
[EventCountry "IND"]
[SourceTitle "CB47_2024"]
[SourceDate "2024.11.20"]
[SourceVersion "1"]
[SourceVersionDate "2024.11.20"]
[SourceQuality "1"]

1. e4 c5 2. Nf3 d6 3. c3 Nf6 4. Be2 g6 5. 0-0 Bg7 6. Re1 0-0 7. Bf1 Nc6 8. h3 e5 9. d4 cxd4 10. cxd4 exd4 11. Nxd4 Nxd4 12. Qxd4 Re8 13. Bg5 h6 14. Bxf6 Bxf6 15. Qd2 d5 16. Nc3 dxe4 17. Nxe4 Qxd2 18. Nxd2 Be6 19. Ne4 Bxb2 20. Rab1 Bg7 21. Rxb7 Bd5 22. Rb4 f5 23. Bb5 Rxe4 24. Rexe4 Bxe4 25. Bc4+ Kf8 26. f3 Bc6 27. Kf1 Be5 28. a4 Rb8 29. Rxb8+ Bxb8 30. a5 Bc7 31. a6 Ke7 32. Ke2 Kd6 33. Kd2 Kc5 34. Bf7 g5 35. Be6 f4 36. Bc8 Bb5 37. Kc3 Be5+ 38. Kb3 Bf1 39. Ka4 Bxg2 40. Ka5 Bxf3 41. Bb7 Bd1 0-1

[Event "Chennai op 14th"]
[Site "Chennai"]
[Date "2023.12.31"]
[Round "1"]
[White "Shahil, Dey"]
[Black "Nijesh, R."]
[Result "1-0"]
[WhiteElo "2368"]
[BlackElo "1476"]
[PlyCount "99"]
[EventDate "2023.12.31"]
[EventType "swiss"]
[EventRounds "10"]
[EventCountry "IND"]
[SourceTitle "CBM 218 Extra"]
[Source "ChessBase"]
[SourceDate "2024.03.31"]
[SourceVersion "1"]
[SourceVersionDate "2024.03.31"]
[SourceQuality "1"]

1. b3 e5 2. Bb2 Nc6 3. e3 d5 4. Bb5 Bd6 5. Nf3 Qe7 6. d4 e4 7. Ne5 Bxe5 8. dxe5 Be6 9. Nd2 Nh6 10. c4 0-0 11. cxd5 Bxd5 12. Bxc6 Bxc6 13. Qc2 Qh4 14. 0-0 Rad8 15. Rad1 Bb5 16. Nxe4 Bxf1 17. Rxf1 Rfe8 18. h3 Re6 19. Qxc7 Rc6 20. Qa5 Ra6 21. Qb4 Rb6 22. Qa4 Nf5 23. Qxa7 Rc6 24. Qa5 Ra6 25. Qb4 Rxa2 26. Bc3 b5 27. Kh2 Rc2 28. Ba1 Ra2 29. Kg1 Rda8 30. Bc3 Rc2 31. g3 Qxh3 32. Ng5 Qh5 33. Qe4 Raa2 34. Qxf5 Rxc3 35. e6 fxe6 36. Qxe6+ Kf8 37. Qd6+ Ke8 38. Qe5+ Kd7 39. Qxg7+ Ke8 40. Qe5+ Kd7 41. Qxc3 Qxg5 42. Rd1+ Ke8 43. Qc8+ Kf7 44. Rd7+ Kg6 45. Qc6+ Qf6 46. Rd6 Qxd6 47. Qxd6+ Kh5 48. Kg2 h6 49. Qf6 Kg4 50. Qg6# 1-0

[Event "IND-ch U11"]
[Site "Visakhapatnam"]
[Date "2023.10.04"]
[Round "6"]
[White "Ayaan, Garg"]
[Black "Nijesh, R."]
[Result "1-0"]
[WhiteElo "1645"]
[BlackElo "1485"]
[PlyCount "117"]
[EventDate "2023.10.01"]
[EventType "swiss"]
[EventRounds "11"]
[EventCountry "IND"]
[SourceTitle "EXT 2025"]
[Source "ChessBase"]
[SourceDate "2024.10.14"]
[SourceVersion "1"]
[SourceVersionDate "2024.10.14"]
[SourceQuality "1"]

1. d4 Nf6 2. c4 e6 3. Nc3 Bb4 4. f3 0-0 5. a3 Bxc3+ 6. bxc3 d5 7. e3 dxc4 8. Bxc4 c5 9. Ne2 b6 10. 0-0 Ba6 11. Bxa6 Nxa6 12. e4 Re8 13. Bg5 cxd4 14. cxd4 e5 15. Qa4 Nc7 16. Rfd1 exd4 17. Nxd4 Qe7 18. Rac1 Rec8 19. Nf5 Qf8 20. Bxf6 gxf6 21. Rd7 Ne6 22. Ne7+ Kg7 23. Nxc8 Rxc8 24. Rxf7+ Qxf7 25. Rxc8 Nf4 26. Qe8 Qb7 27. Qc6 Qxc6 28. Rxc6 Kg6 29. Rc7 a5 30. Rb7 Ne2+ 31. Kf2 Nd4 32. Rxb6 Nc2 33. a4 Nd4 34. e5 Kf7 35. Rxf6+ Ke7 36. Ra6 Nb3 37. f4 Kd7 38. f5 Nd4 39. Rxa5 Nxf5 40. e6+ Kxe6 41. Rxf5 Kxf5 42. a5 Ke5 43. a6 Kd6 44. a7 Kc7 45. a8Q Kd7 46. Qb7+ Ke6 47. Qxh7 Kf6 48. g4 Kg5 49. Kg3 Kf6 50. Kf4 Ke6 51. Qf5+ Kd6 52. Qe5+ Kc6 53. h4 Kb6 54. Qc3 Kb5 55. Ke5 Kb6 56. Kd6 Kb5 57. Qb3+ Ka6 58. Kc6 Ka5 59. Qb5# 1-0